000 00811 a2200253 4500
003 OSt
005 20180116192325.0
008 120215t xxu||||| |||| 00| 0 eng d
010 _a 85050749
020 _a0500202028 (pbk.) :
040 _c0
082 0 0 _a724.1
100 1 _aSummerson, John,
245 1 4 _aThe architecture of the eighteenth century /
_cJohn Summerson.
260 _aNew York, N.Y. :
_bThames and Hudson,
_c1986.
300 _a176 p. :
_bill. ;
_c21 cm.
440 0 _aWorld of art
500 _aIncludes index.
650 0 _aArchitecture
_zEurope
_xHistory
_y18th century.
650 0 _aArchitecture, Baroque
_zEurope.
650 0 _aNeoclassicism (Architecture)
_zEurope.
942 _aSADA
_cBK
_k724.1 SUM 1986
_2ddc
999 _c352158
_d352158